LIBRARY ONLINE CATALOGUE

Interatomic forces in condensed matter / (Record no. 7352)

MARC details
000 -LEADER
fixed length control field 00650cam a22002052 4500
001 - CONTROL NUMBER
control field 0000007030
005 - DATE AND TIME OF LATEST TRANSACTION
control field 20151217152020.0
008 - FIXED-LENGTH DATA ELEMENTS--GENERAL INFORMATION
fixed length control field 071108s xx 000 0 eng d
020 ## - INTERNATIONAL STANDARD BOOK NUMBER
International Standard Book Number 0198509774 :
Terms of availability KES 6390
040 ## - CATALOGING SOURCE
Original cataloging agency KABU
Transcribing agency KABU
100 1# - MAIN ENTRY--PERSONAL NAME
Personal name Finnis, Mike.
-- 0000158055
245 10 - TITLE STATEMENT
Title Interatomic forces in condensed matter /
Statement of responsibility, etc. Mike Finnis.
260 ## - PUBLICATION, DISTRIBUTION, ETC. (IMPRINT)
Place of publication, distribution, etc. Oxford :
Name of publisher, distributor, etc. O. U. P.,
Date of publication, distribution, etc. 2003.
300 ## - PHYSICAL DESCRIPTION
Extent xv, 286 p.
650 #0 - SUBJECT ADDED ENTRY--TOPICAL TERM
Topical term or geographic name as entry element Condensed matter
General subdivision Computer simulation.
-- 0000158056
650 #0 - SUBJECT ADDED ENTRY--TOPICAL TERM
Topical term or geographic name as entry element Atomic structure.
General subdivision Computer simulation.
-- 0000158057
908 ## - PUT COMMAND PARAMETER (RLIN)
Put command parameter 071108
950 ## - LOCAL HOLDINGS (RLIN)
-- 1
Holdings
Withdrawn status Lost status Source of classification or shelving scheme Not for loan Home library Current library Date acquired Total Checkouts Full call number Barcode Date last seen Price effective from Koha item type
    Library of Congress Classification   Kabarak, Main Campus Kabarak, Main Campus 17/12/2015   QC173.457 .C64F56 010952 17/12/2015 17/12/2015 General Collection